000
00454nam a2200145Ia 4500
008
100122s9999 xx 000 0 und d
082
_b
16408
_a
823.08
100
_a
चितळे बाळ
245
_a
वैमानिक गुढकथा
260
_b
केसरी प्रकाशन
_c
1970
300
_a
120
630
_a
वैमानिक गुढकथा
730
_a
वैमानिक गुढकथा
942
_c
BOOK
999
_c
406356
_d
406353